Online Catalogue and eLibrary

Veera magalir (Record no. 4725)

MARC details
000 -LEADER
fixed length control field 00385nam a2200145Ia 4500
005 - DATE AND TIME OF LATEST TRANSACTION
control field 20250318041105.0
008 - FIXED-LENGTH DATA ELEMENTS--GENERAL INFORMATION
fixed length control field 240331s9999 xx 000 0 und d
082 ## - DDC Classification
Item Number - Author Mark KIR
Class No. 894
100 ## - MAIN ENTRY--PERSONAL NAME
Personal name Krishnamurthi,S
245 #0 - TITLE STATEMENT
Title Veera magalir
260 ## - PUBLICATION, DISTRIBUTION, ETC.
Place of publication, distribution, etc. Chennai
Name of publisher, distributor, etc. K.K. Books Pvt Ltd
Date of publication, distribution, etc. 2008
300 ## - PHYSICAL DESCRIPTION
Extent (e.g. Volumes, Pages etc.) 87 p .,
500 ## - GENERAL NOTE
General note Ithigaasa Pooranagalin kaathapathira ilakiyyappadaippu
942 ## - Koha item type (Biblio)
Koha item type Books in Stacks (Lending)
Holdings
Lost status Damaged status Collection code Home library Current library Shelving location Date acquired Full call number Accession Number Item type
    Lending WERC Library WERC Library Social Science Cupboard 03/31/2024 894.811 KIR 6252 Books in Stacks (Lending)

© WERC Library